000 00634nam a2200193 i 4500
001 185998
003 ES-MaACL
005 20230906222548.0
008 160902s1954 sp |||| | spa d
100 1 _aCatón, Dionisio.
_9160682
245 1 0 _aDisticos de Catón /
_cMartín García ; traslación del doctor Chatón, 1490.
260 _aValencia :
_b[s.n.],
_c1954 (
_fTip. Moderna)
300 _a79 h. ;
_c25 cm.
490 1 _aIncunables poéticos castellanos ;
_v3
700 1 _aGarcía, Martín.
_9160683
830 0 _aIncunables poéticos castellanos ;
_v3
_9192454
852 _aES-MaACL
_jE-3400
999 _c185998
_d185998